00573nam a2200145Ia 4500008004100000020001700041082001700058100003300075245012600108260004700234300001200281942000700293999001900300952010800319191014s9999 xx 000 0 und d a981-023585-2 a530.143bCHO aY. M.Cho, M. Virasoro920562 0aProceedings of the APCTP-ICTP Joint International Conference Recent Developments in Nonperturbative Quantum Field Theory  aSingaporebWorld Scientific Company c1998 aXiv,397 cBK c531155d531155 00104070aSNSbSNSd2019-10-15eDonationg0.00l0o530.143CHOpSNS0002932r2023-01-11w2019-10-15yBK